Top agents 2014 survey (Record no. 84546)

MARC details
000 -LEADER
fixed length control field 00767cab a22002055a 4500
001 - CONTROL NUMBER
control field L158253
008 - FIXED-LENGTH DATA ELEMENTS--GENERAL INFORMATION
fixed length control field 141113e20141108xxk 000 0 eng d
035 ## - SYSTEM CONTROL NUMBER
System control number (Sirsi) u158253
041 0# - LANGUAGE CODE
Language code of text/sound track or separate title eng
100 1# - MAIN ENTRY--PERSONAL NAME
Personal name Cahill, Julia
245 00 - TITLE STATEMENT
Title Top agents 2014 survey
260 ## - PUBLICATION, DISTRIBUTION, ETC.
Date of publication, distribution, etc. 2014
490 ## - SERIES STATEMENT
Series statement Estates Gazette
Volume/sequential designation (1445) 8 November 2014, 64-71(8)
520 ## - SUMMARY, ETC.
Summary, etc. 2014 top agents survey. This sector is performing well and taking advantage of the improving economy. The collective turnover of the Top Agents league table has climbed by 17% on last year to £2.7bn and expectations for 2014/15 are for continuing good results.
590 ## - LOCAL NOTE (RLIN)
Local note KA
651 #4 - SUBJECT ADDED ENTRY--GEOGRAPHIC NAME
Geographic name United Kingdom
690 ## - LOCAL SUBJECT ADDED ENTRY--TOPICAL TERM (OCLC, RLIN)
Topical term or geographic name as entry element Commercial property
9 (RLIN) 6227
690 ## - LOCAL SUBJECT ADDED ENTRY--TOPICAL TERM (OCLC, RLIN)
Topical term or geographic name as entry element Residential property
9 (RLIN) 6266
942 ## - ADDED ENTRY ELEMENTS (KOHA)
Suppress in OPAC 0
Holdings
Withdrawn status Lost status Source of classification or shelving scheme Damaged status Not for loan Home library Current library Shelving location Date acquired Total Checkouts Full call number Barcode Date last seen Copy number Price effective from Koha item type
    Dewey Decimal Classification     London London Journal article 13/11/2014   L158253 158253-1001 06/08/2019 1 06/08/2019 Journal article